00753nab a2200205uuc4500001000800000005001700008008004100025035001200066035002100078040001300099041000800112100004000120245012600160650002300286650003900309650005300348773011700401942001000518999001900528109475320240202085041.0080731s2008 spa  a1094753 a(OCoLC)820435681 ccomduadb aspa10aOrbe, Patricia A.4auteaut955966910aEn torno a "montoneras" y "montoneros" : Politica y disputas por la imposicion de sentidos en la historiografia argentina aMontoneros9111499 aHistoriografia - Argentina9163632 aArgentina - Historia politica - Siglo XIX9606310 tCuadernos Americanos (México)gVolumen 002, Número 123, Enero-Marzo 2008, p. 95-111w116900z0185156X068748 cARIMP c463587d463587